Kamus kanak-kanak 3 dalam 1 : Bahasa Malaysia-Inggeris-Arab

Bibliographic Details
Main Author: Dr. Muhammad Firdaus
Format: Book
Published: Selangor : Crescent News (KL) Sdn Bhd , 2013
Subjects:

MARC

LEADER 00000cam a2200000 7i4500
001 0000056131
005 20151222.0
008 151207
020 |a 9789830618142 
090 0 0 |a JF   |b EDU MAL 
100 0 |a Dr. Muhammad Firdaus 
245 1 0 |a Kamus kanak-kanak 3 dalam 1 :   |b Bahasa Malaysia-Inggeris-Arab   |c Dr. Muhammad Firdaus 
260 |a Selangor :   |b Crescent News (KL) Sdn Bhd ,   |c 2013 
500 |a Children ages 7-9 years old (orange) 
650 0 |a Arabic language   |x Dictionaries English   |x Juvenile literature 
650 0 |a Malay language   |x Dictionaries Arabic   |x Juvenile literature 
999 |a 0000012822   |b Book   |c REFERENCE   |e Cawangan Taman Universiti 
999 |a 0001371285   |b Book   |c Children Collection   |e Cawangan Mersing 
999 |a 0001371287   |b Book   |c Children Collection   |e Cawangan Tmn. Ungku Tun Aminah 
999 |a 0001371288   |b Book   |c Children Collection   |e Cawangan Taman Universiti 
999 |a 0001371289   |b Book   |c Children Collection   |e Cawangan Batu Pahat 
999 |a 0001371290   |b Book   |c Children Collection   |e Cawangan Segamat 
999 |a 0001371291   |b Book   |c Children Collection   |e Cawangan Bukit Gambir 
999 |a 0001371292   |b Book   |c Children Collection   |e Cawangan Kota Tinggi 
999 |a 0001371293   |b Book   |c Children Collection   |e Cawangan Sri Merlong 
999 |a 0001371294   |b Book   |c Children Collection   |e Cawangan Taman Sri Lambak 
999 |a 0001371295   |b Book   |c Teenagers   |e Cawangan Bandar Tenggara 
999 |a 0001371296   |b Book   |c Children Collection   |e Cawangan Bandar Penawar 
999 |a 0001371297   |b Book   |c Children Collection   |e Cawangan Pontian 
999 |a 0001371298   |b Book   |c Children Collection   |e Cawangan Tangkak 
999 |a 0001375072   |b Book   |c Children Collection   |e Perbadanan Perpustakaan Awam Johor 
999 |a 0001375073   |b Book   |c Children Collection   |e Perbadanan Perpustakaan Awam Johor 
999 |a 0001375074   |b Book   |c Children Collection   |e Perbadanan Perpustakaan Awam Johor 
999 |a 0001375075   |b Book   |c Children Collection   |e Cawangan Urban Transformation Centre 
999 |a 0001375076   |b Book   |c Children Collection   |e Cawangan Urban Transformation Centre 
999 |a 0001375077   |b Book   |c Children Collection   |e Cawangan AEON Kulaijaya